Le petit oiseau va sortir ! (click quiz) - Statistiques

Statistiques générales
  • Ce quiz a été pris 21 fois
  • Le résultat moyen est 4 sur 8
Statistiques - réponses
Hint Réponse % Correct
C'est dans ce lit pourri ? condor
71%
Chez toi, c'est vraiment un trou ara
64%
le sum ! geai
50%
d'impatience de te rencontrer hibou
43%
me fait décidément très mal serin
43%
Parle ! faucon
36%
raconte pas de mytho ! émeu
29%
ce soir on va pouvoir chiller ! oie
29%
Aucun quiz correspondant
Distribution des résultats
% des personnes avec chaque résultat
Percentile par nombre de réponses
Votre historique - résultats
Vous n’avez pas pris ce quiz